[Event "Keszthely op"]
[Site "Keszthely"]
[Date "1994.??.??"]
[Round "?"]
[White "Jakus, Katalin"]
[Black "Csala, Imre"]
[Result "0-1"]
[WhiteElo "2150"]
[BlackElo "2255"]
[PlyCount "82"]
[EventDate "1994.??.??"]
[EventType "swiss"]
[EventRounds "9"]
[EventCountry "HUN"]
[SourceTitle "EXT 1997"]
[Source "ChessBase"]
[SourceDate "1996.11.15"]
[SourceVersion "1"]
[SourceVersionDate "1996.11.15"]
[SourceQuality "1"]

1. e4 d6 2. d4 g6 3. Nc3 Bg7 4. f4 Nc6 5. Nf3 Bg4 6. Be3 e5 7. fxe5 dxe5 8. d5 Nd4 9. Be2 Nxe2 10. Qxe2 a6 11. h3 Bd7 12. 0-0 Ne7 13. Qd2 0-0 14. Rad1 Nc8 15. Bh6 f6 16. Bxg7 Kxg7 17. Qe3 Qe7 18. b3 b5 19. Ne2 Qa3 20. Qc3 Qd6 21. Nc1 b4 22. Qe3 Bb5 23. Nd3 Re8 24. Rfe1 Bxd3 25. Qxd3 Qb6+ 26. Kh1 Nd6 27. c4 bxc3 28. Qxc3 Re7 29. Rc1 Qf2 30. Rc2 Qg3 31. Qe3 Rb8 32. Qa7 Rb7 33. Qxa6 Rb4 34. Qa3 Rd4 35. Rxc7 Rxc7 36. Qxd6 Rc2 37. Qe7+ Kh6 38. Qf8+ Kh5 39. Rg1 Rd1 40. Nh4 Rxg1+ 41. Kxg1 Rc1# 0-1

[Event "Budapest Spring op 10th"]
[Site "Budapest"]
[Date "1994.??.??"]
[Round "1"]
[White "Jakus, Katalin"]
[Black "Fogarasi, Tibor"]
[Result "0-1"]
[WhiteElo "2150"]
[BlackElo "2415"]
[PlyCount "46"]
[EventDate "1994.03.??"]
[EventType "swiss"]
[EventRounds "9"]
[EventCountry "HUN"]
[SourceTitle "EXT 1997"]
[Source "ChessBase"]
[SourceDate "1996.11.15"]
[SourceVersion "1"]
[SourceVersionDate "1996.11.15"]
[SourceQuality "1"]

1. e4 c5 2. Nf3 Nc6 3. d4 cxd4 4. Nxd4 Qc7 5. Nc3 e6 6. Ndb5 Qb8 7. Be3 Nf6 8. Bd3 a6 9. Nd4 Ne5 10. h3 d6 11. 0-0 Be7 12. f4 Ned7 13. f5 e5 14. Nf3 b5 15. Ne2 d5 16. Ng3 Bb7 17. exd5 Bxd5 18. Ng5 Qb7 19. Rf2 h6 20. Ne6 fxe6 21. fxe6 Bxe6 22. Bg6+ Bf7 23. Bxf7+ Kxf7 0-1